| 000 | 00983nam a22002057a 4500 | ||
|---|---|---|---|
| 999 |
_c3823 _d3823 |
||
| 003 | AR-CdUCM | ||
| 008 | 190307b ||||| |||| 00| 0 spa d | ||
| 040 |
_aMUNICIPALIDAD PROVINCIAL DEL CUSCO _cBIBLIOTECA MUNICIPAL DEL CUSCO |
||
| 082 |
_a323.04 / _bP18 |
||
| 100 |
_aPajuelo Teves, Ramón _912309 |
||
| 245 |
_aParticipación política indígena en la sierra peruana : _bUna aproximación desde las dinámicas nacionales y locales / |
||
| 260 |
_aLima : _bIEP Ediciones, _c2006. |
||
| 300 |
_a132 paginas ; _c20 cm. |
||
| 505 | _aContenido : ¿Quienes y cuantos son los indígenas en el Perú? -- Dinámicas nacionales de participación política indígena : Avances y desafíos -- La dimensión local de la participación política indígena ... | ||
| 650 |
_aPolítica indígena en el Perú _912310 |
||
| 650 |
_aUna mirada a la política indígena en el Perú _912311 |
||
| 650 |
_aIndigenismo y política en el Perú _912312 |
||
| 942 |
_2ddc _cLIBROS |
||
| 945 | _arah | ||